Statistics for All of Goh's Pokémon

Click here to take the quiz!

General Stats

  • This quiz has been taken 250 times
    (86 since last reset)
  • The average score is 52 of 116

Answer Stats

Answer% Correct
Cinderace
88%
Scorbunny
85%
Inteleon
83%
Grookey
81%
Raboot
81%
Sobble
79%
Drizzile
75%
Suicune
73%
Scyther
71%
Pinsir
69%
Beedrill
67%
Butterfree
67%
Caterpie
67%
Cascoon (x3)
65%
Kakuna
65%
Weedle
65%
Dustox (x3)
63%
Metapod
63%
Pikachu
63%
Raichu
63%
Scizor
63%
Wurmple (x3)
63%
Paras
62%
Parasect
62%
Venomoth
60%
Golurk
58%
Venonat
58%
Darmanitan
56%
Heracross
56%
Skwovet
56%
Flabébé (x5)
54%
Greedent
54%
Grimer
54%
Pidgey
54%
Dewgong
52%
Eternatus
52%
Farfetch'd
52%
Geodude (Alolan)
52%
Geodude (Kantonian)
52%
Magikarp (x2)
52%
Rattata
52%
Pidgeotto
50%
Flygon
48%
Misdreavus
48%
Taillow
48%
Arctozolt
46%
Floette (x5)
46%
Nidoran ♂
46%
Nidoran ♀
46%
Raticate
46%
Voltorb
46%
Sandile
44%
Spearow
44%
Diglett
42%
Ekans
42%
Exeggutor (Alolan)
42%
Exeggutor (Kantonian)
42%
Mantyke
42%
Poliwag
42%
Regieleki
42%
Trapinch
42%
Aerodactyl
40%
Bruxish
40%
Cubone
40%
Exeggcute
40%
Fletchling
40%
Graveler
40%
Stantler
40%
Vibrava
40%
Froakie
38%
Hoothoot
38%
Krabby
38%
Pyukumuku
38%
Tentacool
38%
Bellsprout
37%
Boldore
37%
Frogadier
37%
Oddish
37%
Kingdra
35%
Mankey
35%
Ninetales (Alolan)
35%
Panpour
35%
Scatterbug
35%
Absol
33%
Drowzee
33%
Goldeen
33%
Pansear
33%
Phantump
33%
Sentret
33%
Sharpedo
33%
Ariados
31%
Bunnelby
31%
Cloyster
31%
Roggenrola
31%
Wingull
31%
Binacle
29%
Hitmonchan
29%
Passimian
29%
Camerupt
27%
Lilligant
27%
Slowpoke
27%
Alcremie
25%
Corsola (Galarian)
25%
Durant
25%
Falinks
25%
Gossifleur
25%
Morelull
25%
Chinchou
23%
Ferrothorn
23%
Milcery
23%
Murkrow
23%
Shedinja
23%
Stunfisk (Galarian)
23%
Pineco
21%
Altaria
19%
Golbat
19%

Score Distribution

Percentile by Number Answered

Percent of People with Each Score

Your Score History

You have not taken this quiz since the last reset